Retro v džezových rytmoch

Bibliographic Details
Main Author: Halas, Juraj, 1953-2019 (Author)
Format: Article
Language:Slovak
Subjects:

MARC

LEADER 00000nab a2200000 a 4500
001 vtls000201975
003 SK-MaSNL
005 20260302204754.0
008 111130c1984 xo 0 slo
015 |a SNBRB19rr/mm-uuuuu 
035 |a CL0212088 
040 |a SNKBUCL  |b slo  |c SNKBUCL  |e AACR2 
041 0 |a slo 
044 |a xo  |c SK 
080 |a 791.43(47)  |2 1981 
080 |a 785.16  |2 1981 
100 1 |a Halas, Juraj,  |d 1953-2019  |4 aut  |9 181897 
245 1 0 |a Retro v džezových rytmoch  |c Juraj Halas 
650 0 7 |a Milujeme džez (film sovietsky)  |2 snkbucl  |9 929728 
655 7 |a články z novín a časopisov  |2 snkbucl  |9 267496 
773 0 |t Pravda  |g Roč. 65, č. 265 (8. 11. 1984), s. 5 
850 |a Slovenská národná knižnica v Martine  |a MTA001 
852 |a SNK  |b KIS3GCP 
958 |a RK 
958 |a SU 
992 |a RBX 
999 |c 1474913  |d 1476843